|
|
|
|
| LEADER |
00000cam a2200000 a 4500 |
| 005 |
2012012409319.0 |
| 007 |
cr|||| |||| |
| 008 |
100415s2010 spc 000 0 spa c |
| 017 |
|
|
|a DL B. 13995-2010
|a DL B. 14031-2010
|b Biblioteca de Catalunya
|
| 020 |
|
|
|a 9788476989043
|
| 035 |
|
|
|a 6030
|
| 040 |
|
|
|d vLex
|
| 080 |
|
|
|a 343.359.2(4)
|
| 090 |
|
|
|c 2941
|d 2941
|
| 100 |
1 |
|
|a Sanz Gm̤ez, Rafael J.
|
| 245 |
1 |
4 |
|a Las Clùsulas anti-abuso especf̕icas tributarias frente a las libertades de circulacin̤ de la Unin̤ Europea
|h [Recurso electrn̤ico] /
|c Rafael J. Sanz Gm̤ez
|
| 256 |
|
|
|a Servicio en ln̕ea
|
| 260 |
|
|
|a Barcelona :
|b J.M. Bosch,
|c 2010
|
| 300 |
|
|
|a 1 recurso electrn̤ico
|
| 490 |
1 |
|
|a Coleccin̤ de fiscalidad
|
| 490 |
1 |
|
|a Bosch Fiscalidad
|
| 500 |
|
|
|a El autor estudia los condicionantes que establece el Derecho originario de la Unin̤ Europea y, en concreto, las libertades comunitarias, en la prevencin̤ del fraude y la evasin̤ fiscal a travš de las denominadas “clùsulas anti-abuso especf̕icas”. Partiendo del carc̀ter restrictivo de estas clùsulas, se analiza el estado de la jurisprudencia relativa a los principios de no-discriminacin̤ y no-restriccin̤, as ̕como los motivos de interš general que permiten determinar, segn︢ el Tribunal de Justicia de la Unin̤ Europea, que una diferencia de trato es admisible. La terminologa̕ empleada por el Tribunal en su jurisprudencia es objeto de una sistematizacin̤ crt̕ica. Dado que las medidas anti-elusin̤ sl̤o son tolerables cuando se dirigen contra operaciones no protegidas por las libertades comunitarias, se estudian el contenido y objetivos de la libertad de establecimiento y la libre circulacin̤ de capitales, para deducir un concepto de abuso de las mismas. Sobre este concepto, y a la luz del principio de proporcionalidad como condicionante de la formulacin̤ y la aplicacin̤ de la normativa interna, se valoran diversas clùsulas anti-abuso especf̕icas espaǫlas. Asimismo, se analizan los condicionantes procedimentales y procesales derivados de la doctrina del Tribunal de Justicia relativa al abuso del Derecho.
|
| 504 |
|
|
|a Bibliografa̕: 173-189
|
| 506 |
1 |
|
|a Contenido solo disponible en los productos indicados
|d vLex Global
|d vLex Global (Academic Edition, excluding Law Schools)
|d vLex Global (U.S. Academic Edition, Law Schools)
|d vLex Global (U.S. Academic Edition, excluding Law Schools)
|d vLex Global (Academic Edition, Law Schools)
|
| 650 |
0 |
4 |
|a Delitos fiscales
|z Uni ̤Europea, Pas̕es de la
|
| 650 |
0 |
4 |
|a Impuestos
|x Evasin̤
|z Uni ̤Europea, Pas̕es de la
|
| 650 |
0 |
4 |
|a Libre circulacin̤
|z Uni ̤Europea, Pas̕es de la
|
| 650 |
0 |
4 |
|a Derecho comunitario
|
| 650 |
0 |
4 |
|a Fraude fiscal (derecho internacional)
|
| 740 |
0 |
|
|a vLex Libros (Servicio en ln̕ea)
|
| 830 |
|
0 |
|a Coleccin̤ de fiscalidad
|
| 856 |
4 |
0 |
|u http://vlex.com/source/clausulas-antiabuso-especificas-tributarias-libertades-circulacion-union-europea-6030
|z Acceso restringido
|
| 942 |
|
|
|c BOOK
|